Top 10 Largest Cities in France - Sudden Death - Statistics

General Stats
  • This quiz has been taken 68 times
  • The average score is 7 of 10
Answers on the Grid
Answers color-coded by a green-red scale on the quiz's grid according to % correct below.
Paris
Marseille
Lyon
Toulouse
Nice
Nantes
Strasbourg
Montpellier
Bordeaux
Lille
Rennes
Reims
Le Harve
Cergy-Pontoise
Saint-Etienne
Toulon
Angers
Grenoble
Dijon
Nimes
Aix-en-Provence
Brest
Orleans
Amiens
Tours
 
Answer Stats
Answer % Correct
Paris
94%
Marseille
87%
Lyon
85%
Nice
70%
Bordeaux
69%
Toulouse
69%
Lille
65%
Strasbourg
50%
Nantes
48%
Montpellier
46%
No matching quizzes found
Score Distribution
Percent of People with Each Score
Percentile by Number Answered
Your Score History
You have not taken this quiz